Quelle est la réponse de cette blague ? - Statistiques

Statistiques générales
  • Ce quiz a été pris 132 fois
  • Le résultat moyen est 8 sur 16
Statistiques - réponses
Hint Réponse % Correct
Qu'est-ce qui est jaune et qui attend ? Jonathan
91%
Tu connais la blague du p'tit dej ? Pas d'bol
71%
Que fait une fraise sur un cheval ? Tagada Tagada
71%
Il y a 3 poussins dans un nid, j'en veux deux. Qu'est-ce que je fais ? J'en pousse un
66%
Dans quel pays ne bronze t-on pas du nez ? Au Népal
64%
Quelle mamie fait peur aux voleurs ? Mamie Traillette
55%
Que fait une vache quand elle ferme les yeux ? Du lait concentré
54%
Qu'est-ce qui n'est pas un steak ? Une pastèque
54%
Quel est l'arbre préféré des chômeurs ? Le bouleau
50%
Tu connais la blague de la chaise ? Elle est pliante
46%
Quel est le crustacé le plus léger de la mer ? La palourde
46%
Que dit une imprimante dans l'eau ? J'ai papier
44%
Avec quoi ramasse t-on la papaye ? Avec une foufourche
41%
Comment appelle t-on une manifestation d'aveugles ? Un festival de cannes
26%
Qu'est-ce qu'un hamster dans l'espace ? Un hamsteroïde
17%
Comment appelle t-on un chat qui va dans l'espace ? Un chatellite
8%
Aucun quiz correspondant
Distribution des résultats
% des personnes avec chaque résultat
Percentile par nombre de réponses
Votre historique - résultats
Vous n’avez pas pris ce quiz